<?xml version="1.0" encoding="UTF-8"?>
<record
    xmlns:xsi="http://www.w3.org/2001/XMLSchema-instance"
    xsi:schemaLocation="http://www.loc.gov/MARC21/slim http://www.loc.gov/standards/marcxml/schema/MARC21slim.xsd"
    xmlns="http://www.loc.gov/MARC21/slim">

  <leader>01120njm a22002537a 4500</leader>
  <controlfield tag="005">20100901144559.0</controlfield>
  <controlfield tag="007">sd ammalaaahaa</controlfield>
  <controlfield tag="008">100901t        xxu||||| |||| 00| 0 hin d</controlfield>
  <datafield tag="028" ind1=" " ind2=" ">
    <subfield code="a">N. 17289</subfield>
    <subfield code="b">His Master's Voice</subfield>
  </datafield>
  <datafield tag="028" ind1=" " ind2=" ">
    <subfield code="a">OMC. 10159</subfield>
    <subfield code="b">His master's Voice</subfield>
  </datafield>
  <datafield tag="028" ind1=" " ind2=" ">
    <subfield code="a">10164</subfield>
    <subfield code="b">His Master's Voice</subfield>
  </datafield>
  <datafield tag="035" ind1=" " ind2=" ">
    <subfield code="a">GR-186</subfield>
  </datafield>
  <datafield tag="040" ind1=" " ind2=" ">
    <subfield code="a">SED/VEN</subfield>
  </datafield>
  <datafield tag="100" ind1=" " ind2=" ">
    <subfield code="a">Roy, Dilip Kumar</subfield>
    <subfield code="9">17945</subfield>
  </datafield>
  <datafield tag="245" ind1=" " ind2=" ">
    <subfield code="a">Tune kya kiya mujhe bata to sahi part 1 :</subfield>
    <subfield code="b">Hindustani ghazal /</subfield>
    <subfield code="c">by Dilip Kumar Roy</subfield>
    <subfield code="h">[sound recording] :</subfield>
  </datafield>
  <datafield tag="246" ind1=" " ind2=" ">
    <subfield code="a">&#x924;&#x941;&#x928;&#x947; &#x915;&#x94D;&#x92F;&#x93E; &#x915;&#x93F;&#x92F;&#x93E; &#x92E;&#x941;&#x91D;&#x947; &#x92C;&#x924;&#x93E; &#x924;&#x94B; &#x938;&#x939;&#x940; (&#x926;&#x93F;&#x932;&#x940;&#x92A; &#x915;&#x941;&#x92E;&#x93E;&#x930; &#x930;&#x949;&#x92F; )</subfield>
  </datafield>
  <datafield tag="260" ind1=" " ind2=" ">
    <subfield code="a">Dum Dum India</subfield>
    <subfield code="b">His Master's Voice</subfield>
  </datafield>
  <datafield tag="300" ind1=" " ind2=" ">
    <subfield code="a">1 sound disc [ gramophone record] :</subfield>
    <subfield code="b">analog, 33 1/3 rpm</subfield>
    <subfield code="c">10 in.</subfield>
    <subfield code="f">Gramophone record</subfield>
  </datafield>
  <datafield tag="500" ind1=" " ind2=" ">
    <subfield code="a">Brief Record</subfield>
  </datafield>
  <datafield tag="505" ind1=" " ind2=" ">
    <subfield code="a">aaj sakhi sun bajat bansuriya (&#x906;&#x91C; &#x938;&#x916;&#x940; &#x938;&#x941;&#x928; &#x92C;&#x93E;&#x91C;&#x924; &#x92C;&#x93E;&#x901;&#x938;&#x941;&#x930;&#x93F;&#x92F;&#x93E; ) &#x92A;&#x93E;&#x930;&#x94D;&#x91F; 2</subfield>
  </datafield>
  <datafield tag="650" ind1=" " ind2=" ">
    <subfield code="a">Classical music</subfield>
    <subfield code="x">Excerpts</subfield>
    <subfield code="z">India</subfield>
    <subfield code="9">17946</subfield>
  </datafield>
  <datafield tag="942" ind1=" " ind2=" ">
    <subfield code="2">ddc</subfield>
    <subfield code="c">GR</subfield>
  </datafield>
  <datafield tag="999" ind1=" " ind2=" ">
    <subfield code="c">43395</subfield>
    <subfield code="d">43395</subfield>
  </datafield>
  <datafield tag="952" ind1=" " ind2=" ">
    <subfield code="0">0</subfield>
    <subfield code="1">0</subfield>
    <subfield code="2">ddc</subfield>
    <subfield code="4">0</subfield>
    <subfield code="7">1</subfield>
    <subfield code="a">L</subfield>
    <subfield code="b">L</subfield>
    <subfield code="d">2010-09-01</subfield>
    <subfield code="e">SED/VEN</subfield>
    <subfield code="l">0</subfield>
    <subfield code="p">GR-186</subfield>
    <subfield code="r">2010-09-01 00:00:00</subfield>
    <subfield code="t">1</subfield>
    <subfield code="w">2010-09-01</subfield>
    <subfield code="y">GR</subfield>
  </datafield>
</record>
